Leadership Managing in Real Organizations
Enregistré dans:
| Auteur principal: | |
|---|---|
| Format: | Livre |
| Langue: | anglais |
| Publié: |
New York
MacGraw-Hill Book Co.
1989
|
| Édition: | 2. ed. |
| Tags: |
Pas de tags, Soyez le premier à ajouter un tag!
|
MARC
| LEADER | 00000nam a2200000 4500 | ||
|---|---|---|---|
| 001 | c025137 | ||
| 005 | 20221215114050.5 | ||
| 041 | 0 | |a eng | |
| 044 | |a US | ||
| 245 | 1 | 0 | |a Leadership |b Managing in Real Organizations |c Leonard R. Sayles |
| 250 | |a 2. ed. | ||
| 264 | 1 | |a New York |b MacGraw-Hill Book Co. |c 1989 | |
| 300 | |a 310 s. | ||
| 100 | 1 | |a Sayles, Leonard R. | |